|
|
|
|
| LEADER |
00000nam0a2200000 4500 |
| 001 |
272071 |
| 005 |
20231101234510.0 |
| 020 |
|
|
|a RU
|b 87-70798
|
| 035 |
|
|
|a (RuTPU)RU\TPU\book\295276
|
| 090 |
|
|
|a 272071
|
| 100 |
|
|
|a 20141015d1987 km y0rusy5003 ca
|
| 101 |
0 |
|
|a rus
|
| 102 |
|
|
|a RU
|
| 105 |
|
|
|a y z 000zd
|
| 200 |
1 |
|
|a "Сквозь жар души сквозь хлад ума..."
|f С. М. Некрасов
|
| 210 |
|
|
|a Ленинград
|c Лениздат
|d 1987
|
| 215 |
|
|
|a 189 с.
|
| 600 |
|
1 |
|a Аничков
|b Д. С.
|c российский просветитель
|c философ
|f 1733-1788
|g Дмитрий Сергеевич
|2 stltpush
|3 (RuTPU)RU\TPU\pers\14094
|9 4562
|
| 600 |
|
1 |
|a Новиков
|b Н. И.
|c русский просветитель
|c писатель
|f 1744-1818
|g Николай Иванович
|c журналист
|c издатель
|2 stltpush
|3 (RuTPU)RU\TPU\pers\12998
|
| 600 |
|
1 |
|a Радищев
|g Александр Николаевич
|b А. Н.
|c русский мыслитель
|c писатель
|f 1749-1802
|2 stltpush
|3 (RuTPU)RU\TPU\pers\1365
|
| 606 |
1 |
|
|a Русские революционные демократы
|x Атеистические взгляды
|2 stltpush
|3 (RuTPU)RU\TPU\subj\26382
|9 50322
|
| 610 |
1 |
|
|a общественная мысль
|
| 610 |
1 |
|
|a атеизм
|
| 610 |
1 |
|
|a свободомыслие
|
| 610 |
1 |
|
|a история
|
| 610 |
1 |
|
|a Россия
|
| 610 |
1 |
|
|a 18 век
|
| 686 |
|
|
|a Э13(2)
|2 rubbk
|
| 700 |
|
1 |
|a Некрасов
|b С. М.
|g Сергей Михайлович
|4 070
|
| 801 |
|
0 |
|a RU
|b RuMRKP
|c 19950417
|g psbo
|
| 801 |
|
1 |
|a RU
|b 63413507
|c 20141015
|
| 801 |
|
2 |
|a RU
|b 63413507
|c 20161213
|g RCR
|
| 942 |
|
|
|c BK
|